Islam observed: (Record no. 20356)
[ view plain ]
| 000 -LEADER | |
|---|---|
| fixed length control field | 00858cam a2200277 4500 |
| 001 - CONTROL NUMBER | |
| control field | 4067432 |
| 003 - CONTROL NUMBER IDENTIFIER | |
| control field | BDDh-ASL |
| 005 - DATE AND TIME OF LATEST TRANSACTION | |
| control field | 20231015025858.0 |
| 008 - FIXED-LENGTH DATA ELEMENTS--GENERAL INFORMATION | |
| fixed length control field | 691010s1968 ctub b 001 0 eng |
| 010 ## - LIBRARY OF CONGRESS CONTROL NUMBER | |
| LC control number | 68027753 |
| 040 ## - CATALOGING SOURCE | |
| Original cataloging agency | DLC |
| Transcribing agency | DLC |
| Modifying agency | DLC |
| -- | BDDh-ASL |
| 050 00 - LIBRARY OF CONGRESS CALL NUMBER | |
| Classification number | BP64.M6 |
| Item number | G4 |
| 082 00 - DEWEY DECIMAL CLASSIFICATION NUMBER | |
| Classification number | 297.0964 |
| Item number | GEI |
| 100 1# - MAIN ENTRY--PERSONAL NAME | |
| Personal name | Geertz, Clifford. |
| 245 10 - TITLE STATEMENT | |
| Title | Islam observed: |
| Remainder of title | religious development in Morocco and Indonesia / |
| 260 ## - PUBLICATION, DISTRIBUTION, ETC. | |
| Place of publication, distribution, etc. | New Haven: |
| Name of publisher, distributor, etc. | Yale University Press, |
| Date of publication, distribution, etc. | 1968. |
| 300 ## - PHYSICAL DESCRIPTION | |
| Extent | xii, 136 p. |
| Other physical details | maps. |
| Dimensions | 23 cm. |
| 350 ## - PRICE (NR) (BK AM CF MU VM SE) [OBSOLETE] | |
| Price | $5.00 |
| -- | 45/- |
| 440 #4 - SERIES STATEMENT/ADDED ENTRY--TITLE | |
| Title | The Terry lectures ; |
| Volume/sequential designation | v. 37 |
| 504 ## - BIBLIOGRAPHY, ETC. NOTE | |
| Bibliography, etc. note | Includes bibliographical references. |
| 650 #0 - SUBJECT ADDED ENTRY--TOPICAL TERM | |
| Topical term or geographic name entry element | Islam |
| Geographic subdivision | Morocco. |
| 650 #0 - SUBJECT ADDED ENTRY--TOPICAL TERM | |
| Topical term or geographic name entry element | Islam |
| Geographic subdivision | Indonesia. |
| 740 ## - ADDED ENTRY--UNCONTROLLED RELATED/ANALYTICAL TITLE | |
| Uncontrolled related/analytical title | Religious development in Morocco and Indonesia. |
| 906 ## - LOCAL DATA ELEMENT F, LDF (RLIN) | |
| a | 7 |
| b | cbc |
| c | orignew |
| d | u |
| e | ncip |
| f | 19 |
| g | y-gencatlg |
| 942 ## - ADDED ENTRY ELEMENTS (KOHA) | |
| Source of classification or shelving scheme | Dewey Decimal Classification |
| Koha item type | Books |
| Withdrawn status | Lost status | Source of classification or shelving scheme | Damaged status | Not for loan | Collection code | Home library | Current library | Shelving location | Date acquired | Source of acquisition | Total Checkouts | Full call number | Barcode | Date last seen | Copy number | Price effective from | Koha item type |
|---|---|---|---|---|---|---|---|---|---|---|---|---|---|---|---|---|---|
| Dewey Decimal Classification | Non-fiction | Asiatic Society Library | Asiatic Society Library | General Stacks | 12/30/2020 | ASB Collection | 297.0964 GEI | 103787 | 12/30/2020 | C-1 | 12/30/2020 | Books |